Normal view
MARC view
- Molian, S
Entry Personal Name
001 - CONTROL NUMBER
- control field: 77872
003 - CONTROL NUMBER IDENTIFIER
- control field: NUST
005 - DATE AND TIME OF LATEST TRANSACTION
- control field: 20210628210024.0
008 - FIXED-LENGTH DATA ELEMENTS
- fixed length control field: 210628|| aca||aabn | a|a d
040 ## - CATALOGING SOURCE
- Original cataloging agency: NUST
- Transcribing agency: NUST
100 ## - HEADING--PERSONAL NAME
- Personal name: Molian, S
670 ## - SOURCE DATA FOUND
- Source citation: Work cat.: (NUST): Molian, S, Mechanism design the practical kinematics and dynamics of machinery, 1997
